RUGBY - Tournois des 6 nations 2025 joueurs de l'équipe de france - Statistiques

Statistiques générales
  • Ce quiz a été pris 67 fois
  • Le résultat moyen est 25 sur 32
Statistiques - réponses
Nombre de sélection sur le tournois Poste Joueur % Correct
4 demi de mêlée Antoine Dupont
100%
3 demi d'ouverture Romain Ntamack
98%
5 talonneur Peato Mauvaka
96%
5 arrière Thomas Ramos
96%
5 3ème ligne François Cros
94%
3 ailier Damian Penaud
92%
5 pilier Jean Baptiste Gros
90%
5 talonneur Julien Marchand
90%
1 demi d'ouverture Matthieu Jalibert
90%
3 demi de mêlée Maxime Lucu
90%
5 pilier Uini Atonio
90%
5 pilier Cyril Baille
86%
5 ailier Louis Bielle-Biarrey
86%
3 2nd ligne Thibaud Flament
86%
5 centre Yoram Moefana
86%
4 2nd ligne Emmanuel Meafou
82%
5 3ème ligne Gregory Alldritt
80%
3 3ème ligne Anthony Jelonch
78%
3 demi de mëlée Nolann Le Garrec
78%
1 centre Gaël Fickou
76%
4 centre Pierre-Louis Barassi
76%
5 2nd ligne Mickael Guillard
73%
1 arrière Léo Barré
71%
5 3ème ligne Paul Boudehent
71%
3 pilier Dorian Aldegheri
69%
5 3ème ligne Oscar Jegou
63%
2 ailier Theo Attissogbe
63%
3 2nd ligne Alexandre Roumat
59%
2 centre Emilien Gailleton
59%
4 2nd ligne Hugo Auradou
57%
1 2nd ligne Romain Taofifenua
53%
2 pilier Georges-Henri Colombe
45%
Aucun quiz correspondant
Distribution des résultats
% des personnes avec chaque résultat
Percentile par nombre de réponses
Votre historique - résultats
Vous n’avez pas pris ce quiz